[Event "GER-chT Seniors 26th"]
[Site "Templin"]
[Date "2017.09.25"]
[Round "1.2"]
[White "Gruzmann, Boris"]
[Black "Wiemer, Juergen"]
[Result "1/2-1/2"]
[WhiteElo "2210"]
[BlackElo "2028"]
[PlyCount "86"]
[EventDate "2017.09.25"]
[EventType "team-swiss"]
[EventRounds "7"]
[EventCountry "GER"]
[SourceTitle "EXT 2019"]
[Source "ChessBase"]
[SourceDate "2018.10.10"]
[SourceVersion "1"]
[SourceVersionDate "2018.10.10"]
[SourceQuality "1"]
[WhiteTeam "Schleswig Holstein"]
[BlackTeam "Mecklenburg Vorpommern II"]
[WhiteTeamCountry "GER"]
[BlackTeamCountry "GER"]

1. e4 e5 2. Nf3 Nc6 3. Bb5 a6 4. Ba4 Nf6 5. 0-0 b5 6. Bb3 Be7 7. d4 d6 8. c3 Bg4 9. d5 Na5 10. Bc2 0-0 11. h3 Bh5 12. a4 c5 13. dxc6 Nxc6 14. b4 bxa4 15. Rxa4 Qc8 16. Re1 Rd8 17. Bb3 Nd7 18. Be3 Qb7 19. Nbd2 Nf6 20. Qb1 d5 21. exd5 Nxd5 22. Qa1 Nxe3 23. Rxe3 Bg6 24. Bc4 Kf8 25. Rxa6 Rxa6 26. Qxa6 Qxa6 27. Bxa6 f6 28. Re1 Nb8 29. Bb7 Rd7 30. Be4 f5 31. Bb1 e4 32. Nd4 Bxb4 33. Ne6+ Ke7 34. cxb4 Kxe6 35. Nb3 Kf6 36. Nc5 Rd2 37. g4 Nc6 38. gxf5 Bxf5 39. Nxe4+ Bxe4 40. Bxe4 Nxb4 41. Bxh7 g6 42. Re4 Nd3 43. Rd4 Rd1+ 1/2-1/2

[Event "Mecklenburg VP LL 1617"]
[Site "Mecklenburg VP"]
[Date "2017.04.23"]
[Round "9.2"]
[White "Moritz, Hartmut"]
[Black "Wiemer, Juergen"]
[Result "1-0"]
[WhiteElo "1844"]
[BlackElo "1952"]
[PlyCount "67"]
[EventDate "2016.10.16"]
[EventType "team-tourn"]
[EventRounds "9"]
[EventCountry "GER"]
[SourceTitle "EXT 2022"]
[Source "ChessBase"]
[SourceDate "2021.10.06"]
[SourceVersion "1"]
[SourceVersionDate "2021.10.06"]
[SourceQuality "1"]
[WhiteTeam "Rostock SSC 07 II"]
[BlackTeam "Ludwigslust VT 2000"]
[WhiteTeamCountry "GER"]
[BlackTeamCountry "GER"]

1. e4 e5 2. Nf3 Nc6 3. c3 d5 4. Bb5 Bg4 5. Qa4 dxe4 6. Nxe5 Bd7 7. Nxc6 bxc6 8. Qxe4+ Qe7 9. Qxe7+ Nxe7 10. Ba4 Nd5 11. 0-0 0-0-0 12. d4 Re8 13. Bb3 Bf5 14. Be3 h6 15. Nd2 Bd3 16. Rfe1 g5 17. Nc4 Bd6 18. Ne5 Bxe5 19. dxe5 Nxe3 20. Rxe3 Bg6 21. Rae1 Re7 22. e6 f6 23. Ba4 Be8 24. Re4 c5 25. f4 Bxa4 26. Rxa4 gxf4 27. Rxa7 Kb8 28. Ra4 Rhe8 29. Rae4 Kb7 30. Kf2 Kc6 31. Kf3 Kd6 32. Kxf4 Rxe6 33. Rxe6+ Rxe6 34. Rxe6+ 1-0

[Event "Mecklenburg VP LL 1617"]
[Site "Mecklenburg VP"]
[Date "2017.03.19"]
[Round "7.2"]
[White "Hanisch, Sebastian"]
[Black "Wiemer, Juergen"]
[Result "0-1"]
[WhiteElo "2029"]
[BlackElo "1952"]
[PlyCount "116"]
[EventDate "2016.10.16"]
[EventType "team-tourn"]
[EventRounds "9"]
[EventCountry "GER"]
[SourceTitle "EXT 2022"]
[Source "ChessBase"]
[SourceDate "2021.10.06"]
[SourceVersion "1"]
[SourceVersionDate "2021.10.06"]
[SourceQuality "1"]
[WhiteTeam "Schwerin SF II"]
[BlackTeam "Ludwigslust VT 2000"]
[WhiteTeamCountry "GER"]
[BlackTeamCountry "GER"]

1. d4 Nf6 2. c4 e6 3. Nc3 d5 4. Bg5 Be7 5. e3 Ne4 6. Bf4 0-0 7. Bd3 Nxc3 8. bxc3 b6 9. cxd5 exd5 10. Qc2 g6 11. Nf3 Ba6 12. 0-0 Bxd3 13. Qxd3 Bd6 14. Bg5 f6 15. Bh4 Qe8 16. Nd2 c6 17. c4 Qe6 18. a4 Nd7 19. Bg3 Bb4 20. cxd5 cxd5 21. Rac1 Rfc8 22. Nb1 Rc4 23. Na3 Bxa3 24. Qxa3 Rac8 25. a5 b5 26. Rb1 a6 27. h3 Kf7 28. Qd6 Qxd6 29. Bxd6 Ke6 30. Bb4 Nb8 31. Bc5 Nc6 32. Ra1 Nb4 33. Rfd1 f5 34. g3 Nc6 35. Rd2 Nd8 36. f3 Nf7 37. Kf2 Nd6 38. Ke2 Kd7 39. Kd3 Nb7 40. Bb6 Ke6 41. e4 fxe4+ 42. fxe4 dxe4+ 43. Kxe4 Nd6+ 44. Kf4 Kd5 45. Re1 Rf8+ 46. Kg4 Ne4 47. Rde2 h5+ 48. Kh4 g5+ 49. Kxh5 Nxg3+ 50. Kxg5 Rg8+ 51. Kf6 Nxe2 52. Rxe2 Rc6+ 53. Ke7 Rg7+ 54. Kd8 Rh7 55. Re5+ Kc4 56. h4 Rxh4 57. Rc5+ Rxc5 58. dxc5 Kd5 0-1

[Event "MVP-ch Seniors op 16th"]
[Site "Binz"]
[Date "2016.11.24"]
[Round "2.18"]
[White "Wiemer, Juergen"]
[Black "Wolke, Reimund"]
[Result "1/2-1/2"]
[WhiteElo "2055"]
[BlackElo "1921"]
[PlyCount "100"]
[EventDate "2016.11.23"]
[EventType "swiss"]
[EventRounds "9"]
[EventCountry "GER"]
[SourceTitle "EXT 2018"]
[Source "ChessBase"]
[SourceDate "2017.10.13"]
[SourceVersion "1"]
[SourceVersionDate "2017.10.13"]
[SourceQuality "1"]

1. e4 c5 2. c3 d5 3. exd5 Qxd5 4. d4 Nf6 5. Nf3 Bg4 6. Be2 e6 7. 0-0 Be7 8. Qa4+ Nc6 9. dxc5 Bxc5 10. b4 Be7 11. c4 Qd7 12. Rd1 Qc7 13. Ba3 0-0 14. Nc3 a6 15. Qb3 Rfd8 16. Rxd8+ Rxd8 17. Rd1 Rxd1+ 18. Nxd1 Ne5 19. Ne3 Nxf3+ 20. gxf3 Bh5 21. Bb2 Bg6 22. c5 Nh5 23. Nc4 Nf4 24. Bf1 f6 25. Bc1 Bf7 26. Be3 e5 27. Bxf4 exf4 28. Qd3 Be6 29. Qe4 Bf7 30. a3 g6 31. Nb6 Kg7 32. Bc4 f5 33. Qd3 Bxc4 34. Qxc4 Qe5 35. Qd5 Qe1+ 36. Kg2 Bh4 37. Qd4+ Bf6 38. Qxf4 Qc3 39. Qe3 Bd4 40. Qe7+ Kh6 41. Qh4+ Kg7 42. Qe7+ Kh6 43. Nd5 Qb2 44. Ne3 Qc3 45. Nf1 Qb2 46. Qe1 Bc3 47. Qe3+ Kg7 48. Ng3 Qxa3 49. Qe7+ Kh6 50. Qe6 Kg7 1/2-1/2

[Event "Mecklenburg VP LL 1617"]
[Site "Mecklenburg VP"]
[Date "2016.10.16"]
[Round "1.2"]
[White "Wiemer, Juergen"]
[Black "Valet, Richard"]
[Result "1/2-1/2"]
[WhiteElo "1952"]
[BlackElo "1872"]
[PlyCount "48"]
[EventDate "2016.10.16"]
[EventType "team-tourn"]
[EventRounds "9"]
[EventCountry "GER"]
[SourceTitle "EXT 2022"]
[Source "ChessBase"]
[SourceDate "2021.10.06"]
[SourceVersion "1"]
[SourceVersionDate "2021.10.06"]
[SourceQuality "1"]
[WhiteTeam "Ludwigslust VT 2000"]
[BlackTeam "Greifswald II"]
[WhiteTeamCountry "GER"]
[BlackTeamCountry "GER"]

1. e4 c5 2. c3 d5 3. exd5 Qxd5 4. d4 Nc6 5. Nf3 cxd4 6. cxd4 e5 7. Nc3 Bb4 8. a3 Bxc3+ 9. bxc3 exd4 10. cxd4 Bg4 11. Be2 Nge7 12. h3 Bd7 13. 0-0 0-0 14. Rb1 Nf5 15. Rb5 Qd6 16. d5 Nce7 17. Rxb7 Nxd5 18. Nd4 Rfd8 19. Bf3 Nxd4 20. Qxd4 Bc6 21. Bb2 Nf6 22. Qxd6 Rxd6 23. Bxc6 Rxc6 24. Bxf6 Rxf6 1/2-1/2

[Event "GER-chT Seniors 25th"]
[Site "Magdeburg"]
[Date "2016.10.13"]
[Round "5.2"]
[White "Haase, Wolfgang"]
[Black "Wiemer, Juergen"]
[Result "1-0"]
[WhiteElo "2063"]
[BlackElo "2073"]
[PlyCount "107"]
[EventDate "2016.10.09"]
[EventType "team-swiss"]
[EventRounds "7"]
[EventCountry "GER"]
[SourceTitle "EXT 2019"]
[Source "ChessBase"]
[SourceDate "2018.10.10"]
[SourceVersion "1"]
[SourceVersionDate "2018.10.10"]
[SourceQuality "1"]
[WhiteTeam "Hessen II"]
[BlackTeam "Mecklenburg Vorpommern"]
[WhiteTeamCountry "GER"]
[BlackTeamCountry "GER"]

1. Nf3 Nf6 2. c4 e6 3. g3 d5 4. d4 Be7 5. Bg2 0-0 6. 0-0 c6 7. Qc2 Nbd7 8. Nbd2 b6 9. b3 Ba6 10. Bb2 Rc8 11. Rac1 c5 12. Qb1 Re8 13. Rfd1 cxd4 14. Bxd4 Bb4 15. Ne5 Nxe5 16. Bxe5 Nd7 17. Bc3 Ba3 18. Bb2 Bxb2 19. Qxb2 Qf6 20. Qa3 Nb8 21. cxd5 Rxc1 22. Rxc1 exd5 23. e3 Qd8 24. Nf3 Qe7 25. Qa4 Rd8 26. Nd4 g6 27. b4 Bc4 28. b5 Qd7 29. Qb4 Kg7 30. a4 Qd6 31. Qc3 f6 32. Bh3 Re8 33. Bf1 Rc8 34. e4 Rc5 35. exd5 Bxd5 36. Qa3 Nd7 37. Rd1 Qe5 38. Nf3 Qe4 39. Bg2 Ne5 40. Ne1 Qc4 41. Bxd5 Rxd5 42. Rc1 Qe4 43. Qe7+ Kh6 44. Qxf6 Rd7 45. Qf8+ Kh5 46. Qa3 Rd3 47. Qb2 Nf3+ 48. Nxf3 Qxf3 49. Qc2 h6 50. Re1 Rd4 51. h3 g5 52. Kh2 Rc4 53. Qd2 Rxa4 54. Re3 1-0

[Event "GER-chT Seniors 25th"]
[Site "Magdeburg"]
[Date "2016.10.12"]
[Round "4.2"]
[White "Wiemer, Juergen"]
[Black "Daeubler, Heinrich"]
[Result "0-1"]
[WhiteElo "2073"]
[BlackElo "2156"]
[PlyCount "102"]
[EventDate "2016.10.09"]
[EventType "team-swiss"]
[EventRounds "7"]
[EventCountry "GER"]
[SourceTitle "EXT 2019"]
[Source "ChessBase"]
[SourceDate "2018.10.10"]
[SourceVersion "1"]
[SourceVersionDate "2018.10.10"]
[SourceQuality "1"]
[WhiteTeam "Mecklenburg Vorpommern"]
[BlackTeam "Bayern II"]
[WhiteTeamCountry "GER"]
[BlackTeamCountry "GER"]

1. e4 g6 2. d4 Bg7 3. Nf3 d6 4. Bd3 a6 5. Be3 b5 6. c3 Bb7 7. Nbd2 Nd7 8. 0-0 Ngf6 9. h3 0-0 10. Rc1 c5 11. d5 c4 12. Bc2 e6 13. dxe6 fxe6 14. Re1 Qe7 15. Bg5 h6 16. Be3 e5 17. Nh4 Kh7 18. Qf3 Rf7 19. Nxg6 Qe6 20. Qf5 Qxf5 21. exf5 d5 22. f4 e4 23. g4 h5 24. g5 Ne8 25. Nh4 Rf8 26. Bd1 Nd6 27. Bxh5 b4 28. Bg6+ Kg8 29. f6 Nxf6 30. gxf6 Bxf6 31. Ng2 Kg7 32. f5 bxc3 33. bxc3 Nb5 34. Nf4 Kh8 35. Ne6 Rfc8 36. a4 Nxc3 37. h4 Nxa4 38. h5 Bc6 39. h6 Nb2 40. Rc2 Nd3 41. Ra1 Bxa1 42. Bd4+ Bxd4+ 43. Nxd4 Be8 44. Nf1 Nf4 45. Bxe8 Rxe8 46. Kf2 Rg8 47. Ke3 Ng2+ 48. Kd2 Kh7 49. Kc3 Rab8 50. Ne6 Ne1 51. Ra2 Nf3 0-1